000 00402nam a2200133Ia 4500
005 20260328104328.0
008 260328s9999||||xx |||||||||||||| ||und||
100 _aSatizábal, Andrés Eduardo
245 0 _aMolinos de trigo en la Nueva Granada :
_bSiglo xvii- xviii /
_cAndrés Eduardo Satizábal
260 _bUniversidad Nacional de Colombia
300 _a120 p.
650 _aCOLOMBIA
942 _cBK
999 _c11601
_d11601